header

Revealing the hidden nature of space and time (Record no. 130443)

MARC details
000 -LEADER
fixed length control field 01852nam a2200385 a 4500
082 04 - DEWEY DECIMAL CLASSIFICATION NUMBER
Classification number 539.7/2072073
245 10 - TITLE STATEMENT
Title Revealing the hidden nature of space and time
260 ## - PUBLICATION, DISTRIBUTION, ETC. (IMPRINT)
Place of publication Washington, D.C. :
Name of publisher National Academies Press,
Year of publication c2006.
300 ## - PHYSICAL DESCRIPTION
Number of Pages xiv, 162 p. :
Other physical details ill.
505 0# - FORMATTED CONTENTS NOTE
Formatted contents note The scientific excitement and challenges -- Key questions in particle physics -- The experimental opportunities -- The strategic framework.
650 #0 - SUBJECT ADDED ENTRY--TOPICAL TERM
Topical Term Particles (Nuclear physics)
Topical Term Space and time
856 40 - ELECTRONIC LOCATION AND ACCESS
Uniform Resource Identifier http://site.ebrary.com/lib/rucke/Doc?id=10495413

No items available.

© 2026 Rongo University
Contact us: librarian | system librarian | Rongo university